LIBRARY ONLINE CATALOGUE

Scripture and the People of God: (Record no. 19590)

MARC details
000 -LEADER
fixed length control field 00452nam a22001337a 4500
008 - FIXED-LENGTH DATA ELEMENTS--GENERAL INFORMATION
fixed length control field 220928b |||||||| |||| 00| 0 eng d
020 ## - INTERNATIONAL STANDARD BOOK NUMBER
International Standard Book Number 1433558572
050 ## - LIBRARY OF CONGRESS CALL NUMBER
Classification number BS511.3
Item number .S35 2018
245 ## - TITLE STATEMENT
Title Scripture and the People of God:
Remainder of title Essays in Honor of Wayne Grudem/
Statement of responsibility, etc. edited by John DelHousaye, John J. Hughes & Jeff T. Purswell
260 ## - PUBLICATION, DISTRIBUTION, ETC. (IMPRINT)
Place of publication, distribution, etc. Illinois
Name of publisher, distributor, etc. Crossway
Date of publication, distribution, etc. 2018
300 ## - PHYSICAL DESCRIPTION
Extent 384p.
650 ## - SUBJECT ADDED ENTRY--TOPICAL TERM
Topical term or geographic name as entry element Bible
Form subdivision criticism
General subdivision interpretation
942 ## - ADDED ENTRY ELEMENTS (KOHA)
Source of classification or shelving scheme Library of Congress Classification
Koha item type General Collection
Holdings
Withdrawn status Lost status Source of classification or shelving scheme Not for loan Home library Current library Date acquired Cost, normal purchase price Total Checkouts Full call number Barcode Date last seen Price effective from Koha item type
    Library of Congress Classification   Kabarak, Main Campus Kabarak, Main Campus 28/09/2022 3800.00   BS511.3 .S35 2018 c.1 032052 02/08/2024 28/09/2022 General Collection